[Event "EIWCC 2017"]
[Site "Riga"]
[Date "2017.04.11"]
[Round "1"]
[White "Narva, Mai"]
[Black "Paehtz, Elisabeth"]
[Result "0-1"]
[WhiteElo "2249"]
[BlackElo "2454"]
[Annotator "TA"]
[PlyCount "140"]
[EventDate "2017.??.??"]
[EventType "swiss"]
[EventCountry "LAT"]
[SourceTitle "playchess.com"]
[Source "ChessBase"]
[SourceQuality "1"]

{[%evp 18,140,23,15,19,19,45,18,45,39,46,-12,-11,-13,0,0,0,0,0,-16,0,-10,-13,-9,0,0,0,0,19,0,0,-46,-40,-64,-8,-80,-81,-89,-76,-89,-70,-70,-50,-63,-56,-78,-37,-80,-79,-80,-53,-87,-79,-85,0,-84,0,-81,-80,-115,-84,-114,0,-115,-116,-966,-958,-966,-979,-854,-125,-166,-156,-165,-160,-164,-150,-149,-137,-167,-161,-160,-167,-183,-201,-198,-199,-208,-204,-314,-311,-285,-92,-92,-96,-345,-333,-369,-359,-311,-260,-527,-489,-471,-381,-363,-326,-1047,-1098,-1054,-960,-29956,-29956,-29952,-12817,-6070,-5195,-29966,-6083,-29976,-29977,-29976,-29978,-29980,-29980]} 1. e4 e5 2. Nf3 Nc6 3. Bb5 {[%cal Bf1b5,Bb5a4,Ba4b3,Bb3a2][%mdl 32]} a6 4. Ba4 Nf6 5. Nc3 b5 6. Bb3 Be7 7. d3 d6 8. a3 O-O 9. O-O h6 {C77: Ruy Lopez: 3...a6 4 Ba4 Nf6, unusual lines} (9... Nb8 10. Ne2 Nbd7 11. Ng3 Nc5 12. Ba2 Be6 13. Re1 Bxa2 14. Rxa2 g6 15. d4 Ncd7 16. b3 c5 17. dxe5 dxe5 {½-½ (48) Inarkiev,E (2732)-Duda,J (2678) Germany 2017}) 10. h3 {LiveBook: 13 Games} Na5 11. Ba2 c5 {The position is equal.} 12. Nd5 Nc6 13. c3 Be6 $146 (13... Bb7 14. Be3 Nb8 15. b4 Nbd7 16. Nxf6+ Bxf6 17. Nh2 Nb6 18. Qg4 cxb4 19. axb4 {1-0 (33) Stetsko,L (2203)-Beinenson,K (1974) Minsk 2013}) 14. d4 (14. b4 $14) 14... cxd4 $11 (14... Nxe4 15. Re1 $16) 15. cxd4 Bxd5 ({But not} 15... Nxe4 $2 16. Qc2 $18) 16. exd5 Nxd4 17. Nxd4 exd4 18. Bf4 Nd7 {[%cal Bf6d7,Bd7e5,Be5c4][%mdl 32]} 19. Rc1 Ne5 20. Qxd4 Bg5 {And now ...Bxf4 would win.} 21. Bb1 Bxf4 22. Qxf4 Qg5 23. Qb4 {Threatens to win with f4.} (23. Qe4 $5 {is more complex.} f5 24. Qb4 Qd8 25. f4 Nc4 26. Rf2) 23... Qf6 24. f4 Nc4 25. Rf2 Rfe8 ({Black should try} 25... Rac8 $1 $15) 26. b3 (26. Bd3 $11) 26... a5 $17 27. Qxb5 Nxa3 28. Qd3 {next Qh7+ is good for White.} Nxb1 29. Rxb1 Rac8 30. Rf3 Rc5 31. Kh2 Qg6 32. Rd1 Qe4 33. Rd2 g6 34. Kg3 Qe1+ 35. Kh2 Qe4 36. Kg3 $1 Qe1+ 37. Kh2 $1 Rc1 38. Rc2 Qg1+ 39. Kg3 Qe1+ 40. Kh2 $1 Rd1 41. Qb5 $2 {[%mdl 8192] [#]} (41. Qc3 $17) 41... Re3 $1 $19 {[%cal Re3f3] ( -> ...Rxf3)} 42. Rcf2 Rxf3 43. Rxf3 {[%mdl 4096] Endgame KQR-KQR} Qg1+ $2 (43... h5 {White must now prevent ...h4.} 44. Qb8+ Kg7) 44. Kg3 Rd2 45. Qf1 Qxf1 46. Rxf1 {KR-KR} Rd3+ 47. Rf3 Rxd5 48. Rc3 Kg7 49. Kf3 Kf6 50. Ke4 Rb5 51. Re3 h5 52. g3 Rb4+ 53. Kd5 {[#]} (53. Kf3 $142) 53... h4 $1 {[%cal Rh4g3][%mdl 512]} 54. gxh4 a4 $2 (54... Rxf4 $19 {has better winning chances.} 55. h5 Rf5+ 56. Kc6 Rxh5 57. Kxd6 Kg7) 55. bxa4 $17 Rxa4 56. f5 $2 (56. Rf3 $17) 56... Ra5+ $19 ({Not} 56... Kxf5 57. Kxd6 Kf6 58. Rf3+ Kg7 59. h5 $17) ({Stronger than} 56... Rxh4 57. fxg6 fxg6 58. Kxd6 $11) (56... gxf5 57. Kxd6 Rxh4 58. Kd5 $17) 57. Kxd6 Rxf5 58. Ra3 Rf4 59. Re3 $2 (59. h5 {is the only way for White.} gxh5 60. Kd5) 59... Rd4+ (59... Rxh4 $2 60. Rg3 $19) 60. Kc5 Rxh4 61. Kd5 Rf4 62. Ra3 $2 (62. Re1) 62... Kg5 63. Ke5 Rf1 64. Rg3+ Kh4 65. Ra3 g5 66. Rb3 f5 {[%cal Bf7f5,Bf5g4,Bg4g3,Bg3g2][%mdl 32]} 67. Kf6 g4 68. hxg4 fxg4+ {Black mates.} 69. Ke5 g3 70. Rb8 g2 0-1

[Event "EIWCC 2017"]
[Site "Riga"]
[Date "2017.04.11"]
[Round "1"]
[White "Abdulla, Khayala"]
[Black "Goryachkina, Aleksandra"]
[Result "0-1"]
[WhiteElo "2241"]
[BlackElo "2452"]
[Annotator "TA"]
[PlyCount "84"]
[EventDate "2017.??.??"]
[EventType "swiss"]
[EventCountry "LAT"]
[SourceTitle "playchess.com"]
[Source "ChessBase"]
[SourceQuality "1"]

{[%evp 19,84,6,27,-22,-25,-21,-28,-110,-118,-117,-103,-166,-163,-208,-166,-156,-147,-142,-161,-152,-152,-175,-181,-165,-169,-190,-150,-168,-182,-163,-160,-167,-177,-150,-143,-198,-184,-404,-385,-394,-386,-489,-456,-612,-601,-604,-604,-571,-562,-708,-701,-29956,-5114,-29971,-29976,-29975,-29976,-29974,-1597,-29979,-29981,-29978,-29979,-29973,-6303,-29974,-29974]} 1. e4 e6 2. d4 d5 3. Nc3 Nf6 4. Bg5 dxe4 5. Nxe4 Be7 6. Bxf6 gxf6 {[%cal Bg7f6,Bf6f5][%mdl 32]} 7. Nf3 f5 8. Nc3 a6 {C13: French: Classical System: 4 Bg5 Be7, Alekhine-Chatard Attack} 9. Qd2 (9. Qe2 b5 10. O-O-O b4 11. Na4 Qd5 12. Kb1 Nd7 13. Qe3 Bb7 14. b3 Qe4 15. Qd2 Rg8 16. Rg1 {1-0 (70) Smirin,I (2670)-Gupta,A (2645) Moscow 2017}) 9... b5 10. O-O-O Qd6 {LiveBook: 18 Games. The position is equal.} 11. Be2 Nd7 12. Qe3 Bb7 13. Ne5 (13. Rhe1 $11) 13... Rg8 $146 (13... Bxg2 14. Rhg1 Nxe5 15. dxe5 $14 (15. Rxg2 Ng6 16. Bf3 O-O-O $17)) (13... Nxe5 14. dxe5 Qc5 15. Qg3 Kf8 16. Bf3 {½-½ (59) Krivoborodov,E (2502)-Poetsch,H (2446) Vienna 2013}) 14. f4 {[#]} Nxe5 $1 (14... Rxg2 $2 15. Bf3 Qb6 16. Bxg2 Bxg2 17. Qg3 (17. Rhg1 Nxe5 18. Qxe5 Bd6 19. Qh8+ Ke7 20. Qxh7 Bf3 $18) 17... Bxh1 18. Qg8+ (18. Rxh1 Nxe5 19. dxe5 O-O-O $17) 18... Nf8 19. Qxf7+ (19. Rxh1 O-O-O $11) 19... Kd8 20. Rxh1 $18) (14... Bxg2 $6 15. Rhg1 Nxe5 16. dxe5 $11) 15. dxe5 (15. fxe5 $17 {was worth a try.} Qd7 16. Qd3 (16. Bf3 $2 Bg5 17. Qxg5 Rxg5 $19)) 15... Qb6 $19 (15... Qc6 $2 16. Bf3 Qc5 17. Qxc5 Bxc5 18. Bxb7 $18) 16. Qh3 b4 (16... Bxg2 17. Qxh7 Rf8 18. Rhe1 (18. Rhg1 b4 19. Rxg2 bxc3 20. bxc3 Qe3+ 21. Rd2 Ba3+ 22. Kd1 Rb8 23. Bb5+ Rxb5 24. Qxf7+ Rxf7 25. Rg8+ Rf8 26. Rd8+ Kxd8 27. Rxf8+ Bxf8 28. h4 Rd5#)) 17. Na4 Qf2 18. Bf3 ({But not} 18. Qd3 $2 Rxg2 19. Rde1 Qxf4+ 20. Kb1 Rd8 $19) 18... Bxf3 19. Qxf3 Qxg2 20. Qe3 Qc6 21. Rhg1 Rxg1 $40 {[%mdl 128] Black wants a kill.} 22. Rxg1 Qxa4 23. Rg8+ Bf8 24. Qc5 Kd7 25. Rxf8 Rxf8 26. Qxf8 Qxa2 27. Qxf7+ $17 {[%mdl 4096] Endgame KQ-KQ} (27. Qg8 $17 {is a better defense.}) 27... Kc6 $19 28. Qxh7 $2 (28. h4) 28... Qa1+ 29. Kd2 Qxb2 {[#] aiming for ...b3.} 30. Qg8 Qd4+ 31. Ke2 Qe4+ ({Not} 31... Qxf4 32. Qxe6+ Kc5 33. h4 $17) 32. Kd1 Qh1+ ({Less strong is} 32... Qxf4 33. Qxe6+ Kb7 34. Qd5+ Kb6 35. e6 $17) 33. Ke2 {Black must now prevent Qa8+.} Qxh2+ 34. Ke3 Qh3+ 35. Kf2 Qh4+ 36. Ke3 Qe1+ 37. Kf3 Qc3+ 38. Kg2 Qxc2+ 39. Kh3 Qc3+ 40. Kg2 Qd2+ 41. Kf3 Qd5+ (41... Kb7 $142 42. Qg1 b3 43. Qf1 b2 44. Kg3 Qc1 45. Qg2+ c6 46. Kh4 Qxf4+ 47. Kh5 b1=Q 48. Qg7+ Ka8 49. Kg6 Qg4+ 50. Kf6 Qxg7+ 51. Kxg7 f4 52. Kf6 f3 53. Kxe6 f2 54. Kd7 f1=Q 55. Ke7 Qb7+ 56. Ke8 Qff7+ 57. Kd8 Qg8#) 42. Kg3 Kb7 0-1

[Event "EIWCC 2017"]
[Site "Riga"]
[Date "2017.04.11"]
[Round "1"]
[White "Drljevic, Ljilja"]
[Black "Bodnaruk, Anastasia"]
[Result "1/2-1/2"]
[WhiteElo "2237"]
[BlackElo "2446"]
[Annotator "TA"]
[PlyCount "180"]
[EventDate "2017.??.??"]
[EventType "swiss"]
[EventCountry "LAT"]
[SourceTitle "playchess.com"]
[Source "ChessBase"]
[SourceQuality "1"]

{[%evp 22,180,-10,-14,8,-11,-4,-6,0,-83,-77,-74,-78,-92,-59,-88,-85,-118,-118,-118,-118,-121,-96,-92,-90,-93,-104,-206,-45,-50,-39,-32,-25,-119,-120,-109,-90,-88,-13,-12,6,16,104,-2,67,50,74,96,230,241,260,262,240,224,251,254,223,210,254,266,246,248,250,247,252,265,252,263,277,262,341,323,341,310,614,603,623,623,607,538,625,614,618,504,581,581,700,406,646,631,589,520,531,543,816,816,793,727,765,739,633,613,892,797,1752,1589,1429,1398,1256,997,1098,984,10868,993,10868,921,829,822,10868,10868,10868,10868,10860,785,745,675,10868,10868,10860,10860,10860,10860,10860,10860,10860,10860,10784,10770,10744,10701,10645,10518,6938,7230,7014,6909,5862,8,8,0,0,0,0,0,0,0,0,0,0,0,0]} 1. e4 c5 2. Nf3 Nc6 3. Bb5 g6 4. O-O Bg7 5. Re1 Nf6 6. e5 Nd5 7. Nc3 {[%cal Bb1c3,Bc3e4,Be4f6][%mdl 32]} Nc7 8. Bxc6 dxc6 9. Ne4 b6 10. Nf6+ Kf8 11. Ne4 Bg4 12. d3 Ne6 {B31: Sicilian: 2...Nc6 3 Bb5 g6} 13. h3 Bxf3 $1 14. Qxf3 Qd5 15. c3 $146 (15. Bd2 $11) (15. Ng5 Nd4 16. Qd1 Bxe5 17. c3 Nf5 18. Nf3 Bf6 19. g4 Nh4 20. Nxh4 Bxh4 21. Bh6+ Ke8 {1-0 (21) Ma,Q (2621)-Wei,Y (2649) Shenzhen 2014}) 15... Qxe5 16. a4 a5 17. Ra3 Qd5 18. Qe2 Kg8 19. Qc2 h6 20. Be3 Kh7 21. Nd2 Qd8 22. f4 Nc7 23. Nc4 Nd5 24. f5 (24. Qf2 $17) 24... Qd7 $2 (24... gxf5 $19 {Hoping for ...e6.} 25. Bf2 e6) 25. fxg6+ $15 fxg6 26. Bf2 Rhf8 27. Rb3 (27. Bg3 $11) 27... b5 28. Ne5 Bxe5 29. Rxe5 Qd6 (29... c4 $17 30. dxc4 bxc4) 30. Qe2 Rf7 {Threatens to win with ...Raf8.} 31. Bg3 {White wants to play Rf5!} b4 {[#]} (31... Raf8 $11 {remains equal.} 32. c4 Nf4 33. Bxf4 bxc4 34. dxc4 (34. Rf5 Qd7 35. Rxf7+ Rxf7 36. dxc4 Rxf4 $11) 34... Rxf4) 32. Kh2 ({Only move:} 32. Rf5 $1 $16 {[%cal Rf5f7][%mdl 512]} Rxf5 33. Bxd6 exd6 34. d4) 32... Qf6 ({Black should play} 32... Raf8 $11) 33. c4 $36 {[%mdl 3072] White has compensation. White has some pressure.} Nf4 34. Qe4 Ra7 (34... Rd8 $16 {keeps fighting.}) 35. d4 $18 (35. Rxc5 Rc7 36. Re5 (36. Rxa5 c5 37. Rb5 Kg7 $16) 36... Kg7) 35... Kg7 {intending ...Rd7.} (35... cxd4 $2 36. Rf3 $18 (36. Qxd4 Rd7 37. Qe4 Rd2 $11)) 36. Rf3 (36. dxc5 g5 $16) 36... g5 37. Rxc5 Rd7 38. Re5 (38. Rxa5 Rxd4 39. Qc2 Qd6 $11) (38. Qxc6 Qxc6 39. Rxc6 Rxd4 $11) 38... Rd6 39. h4 Kg8 40. Bxf4 (40. Rxa5 Rxd4 41. Qc2 e5 $11) 40... gxf4 41. Kh3 Qg6 42. Rxf4 (42. Qxg6+ $6 Rxg6 43. g4 (43. Rxa5 Rfg7 $16) 43... Rd6 $16) 42... Qxe4 43. Rfxe4 {[%mdl 4096] Endgame KRR-KRR} ({Don't take} 43. Rexe4 $6 h5 44. Kg3 b3 $18) 43... Rf2 44. Rxa5 ({Don't play} 44. b3 $6 Rg6 $16) 44... Kf7 45. Rae5 Rxb2 46. Rxe7+ Kf8 47. c5 Rd8 $2 (47... Rb3+ 48. Kg4 Rxd4 49. Re8+ (49. Rxd4 Kxe7 50. Re4+ Kf6 $18) 49... Kf7 50. Rxd4 Kxe8) 48. Rh7 {[#] aiming for Rh8+.} Kg8 49. Rb7 b3 50. a5 Ra2 51. Rxb3 Rxa5 52. Rb4 Ra3+ 53. g3 Rd3 54. Rf4 Re8 (54... Rd7 $142 55. Rb6 (55. Rf6 Rg7 $16) 55... R7xd4) 55. Rb6 Re6 56. Rb8+ Kh7 57. Rd8 Ree3 58. Rd7+ Kg8 59. Rg4+ Kf8 60. Rd6 h5 61. Rg5 Kf7 62. Rxc6 Rxd4 63. Rxh5 Rdd3 64. Rg5 Re1 65. Rd6 Rc3 66. c6 {[%cal Bc5c6,Bc6c7][%mdl 32]} Rc4 67. Rf5+ Kg7 68. Rd7+ Kg6 69. Rg5+ Kh6 70. c7 Rh1+ 71. Kg2 Rhc1 72. Re5 {White wants to mate with Re6+.} Kg6 73. Re2 Rxc7 74. Rxc7 Rxc7 {KR-KR} 75. Re5 Rc4 76. Kf3 Rc3+ 77. Kf4 Rc1 78. Re6+ Kf7 79. Rd6 Rc5 80. Kg4 Kg7 81. h5 Rc4+ 82. Kg5 Rc5+ 83. Kh4 Ra5 84. Rd7+ $2 (84. h6+ $18 Kh7 85. g4) 84... Kh6 $11 {The position is equal.} 85. g4 {g5+! would kill now.} (85. Kg4 $5 {feels hotter.} Ra4+ 86. Kf3 Kxh5 87. Rh7+ Kg6 88. Rc7) 85... Rxh5+ $1 86. Kg3 Ra5 87. Re7 Ra1 88. Re6+ Kg5 89. Re5+ Kg6 90. Re3 Kg5 1/2-1/2

[Event "EIWCC 2017"]
[Site "Riga"]
[Date "2017.04.11"]
[Round "1"]
[White "Toma, Katarzyna"]
[Black "Galliamova, Alisa"]
[Result "0-1"]
[WhiteElo "2229"]
[BlackElo "2444"]
[Annotator "TA"]
[PlyCount "112"]
[EventDate "2017.??.??"]
[EventType "swiss"]
[EventCountry "LAT"]
[SourceTitle "playchess.com"]
[Source "ChessBase"]
[SourceQuality "1"]

{[%evp 19,112,0,4,0,8,0,6,-2,-6,-22,-18,-33,-28,-16,-28,-36,-8,-13,-25,-29,-46,-127,-105,-168,-120,-128,-84,-85,-76,-100,-92,-98,-104,-155,-115,-115,-107,-106,-106,-102,-70,-87,-68,-93,-83,-162,-81,-247,-158,-196,-195,-207,-227,-225,-217,-184,-143,-266,-266,-286,-271,-278,-278,-278,-250,-278,-226,-272,-271,-292,-252,-278,-278,-291,-292,-437,-437,-407,-426,-418,-404,-423,-412,-384,-359,-634,-570,-29973,-29975,-29974,-29976,-29975,-29977,-29976,-29977]} 1. e4 e5 2. Nf3 Nc6 3. Bb5 a6 4. Ba4 Nf6 5. d3 d6 6. c3 Be7 7. Nbd2 {[%cal Bb1d2,Bd2f1,Bf1e3][%mdl 32]} O-O 8. Nf1 b5 9. Bb3 Na5 10. Bc2 c5 11. Ne3 {C77: Ruy Lopez: 3...a6 4 Ba4 Nf6, unusual lines} Re8 12. O-O Bf8 13. Nd5 $146 {The position is equal.} (13. a3 c4 14. dxc4 bxc4 15. Qe2 Qc7 16. Rd1 Rb8 17. Nd2 Be6 18. Rb1 g6 {1-0 (65) Suarez Pousa,D (2455)-Baron Rodriguez,J (2447) Gijon 2011}) 13... h6 14. h3 Bb7 15. Nxf6+ Qxf6 16. Nh2 d5 17. Ng4 Qg6 {[%cal Rd5e4]} 18. exd5 Bxd5 19. d4 e4 $1 20. f3 ({White should play} 20. Ne3 $15 Bb7 21. d5) 20... cxd4 21. Qxd4 (21. cxd4 $17 {is a better defense.} Bd6 22. fxe4 Bxe4 23. Bxe4 Rxe4 24. a4) 21... Rad8 {...Bc4 is the strong threat.} 22. Qf2 (22. Bxh6 $2 Bc4 23. Qf2 Bxf1 24. Rxf1 gxh6 $19) 22... Nc4 23. b3 Nd6 24. Bf4 Ba8 25. Rad1 f5 26. Nh2 ({White should try} 26. Ne5 Qf6 27. Qb6) 26... Qf6 27. c4 exf3 28. Nxf3 Ne4 29. Bxe4 Bxe4 (29... fxe4 30. Rxd8 Rxd8 31. Ne5 $11) 30. Rxd8 Rxd8 31. cxb5 axb5 32. Qg3 (32. Nd2 $17) 32... b4 (32... Rd3 $19 33. Qf2 g5) 33. Be5 $2 (33. Nd2 $17) 33... Qb6+ 34. Kh1 Qb5 35. Rc1 Bxf3 $1 36. gxf3 {[#]} Qe2 $1 37. Rg1 {[%cal Re5g7]} Rd1 38. Rxd1 (38. f4 $17) 38... Qxd1+ $19 39. Kh2 Qe2+ 40. Kh1 Qxa2 41. f4 Qb1+ 42. Kh2 Qd1 43. Qe3 Qc2+ 44. Kh1 Kh7 45. Bd4 Bd6 46. Kg1 Qc7 47. Be5 (47. Kg2 $142) 47... Bxe5 48. fxe5 {[%mdl 4096] Endgame KQ-KQ} Qc3 49. Qf4 Kg6 ({Weaker is} 49... Qxh3 50. Qxb4 Qg3+ 51. Kf1 $19) (49... Qxb3 50. Qxf5+ Kg8 51. Qc8+ Kf7 52. Qd7+ Kg8 53. Qc8+ Kh7 54. Qf5+ g6 55. Qd7+ Kh8 56. e6 $11) 50. h4 {If White can now play h5+! this consolidates a bit.} Qe1+ ({Less strong is} 50... Qxb3 {[#]} 51. h5+ $1 {[%mdl 512]} Kxh5 52. Qxf5+ g5 53. e6 Qe3+ 54. Kh1 $19) 51. Kh2 Qe4 52. Qg3+ $2 (52. Kg3) 52... Kf7 53. h5 {intending Qg6+.} Qe2+ {Black mates.} 54. Kg1 Qg4 55. Kf2 Qxg3+ 56. Kxg3 g5 ({Don't go for} 56... Ke6 $2 57. Kf4 Kd7 58. Kxf5 $18) 0-1

[Event "EIWCC 2017"]
[Site "Riga"]
[Date "2017.04.11"]
[Round "1"]
[White "Gevorgyan, Maria"]
[Black "Zhukova, Natalia"]
[Result "0-1"]
[WhiteElo "2227"]
[BlackElo "2438"]
[Annotator "TA"]
[PlyCount "80"]
[EventDate "2017.??.??"]
[EventType "swiss"]
[EventCountry "LAT"]
[SourceTitle "playchess.com"]
[Source "ChessBase"]
[SourceQuality "1"]

{[%evp 23,80,-35,-1,-45,-22,-50,-42,-89,-71,-151,-151,-153,-146,-178,-176,-195,-156,-169,-122,-122,-123,-138,-129,-125,-128,-229,-151,-151,-152,-183,-168,-151,-160,-154,-156,-172,-187,-172,-185,-179,-165,-332,-273,-251,-179,-632,-632,-624,-614,-675,-656,-1243,-1260,-1194,-1161,-2689,-1862,-29992,-29993]} 1. e4 e6 2. d4 d5 3. Nc3 Bb4 4. e5 c5 5. a3 Bxc3+ 6. bxc3 Ne7 7. Nf3 b6 8. Bb5+ Bd7 9. Bd3 Ba4 10. h4 h6 11. h5 c4 {C19: French: 3 Nc3 Bb4: Main line: 7 Nf3 and 7 a4} 12. Bf1 (12. Be2 Kd7 13. Bf4 Qg8 14. Nd2 Qh7 15. Ra2 Na6 16. g4 Nc7 17. Rh3 Raf8 18. Re3 Kc8 19. Bg3 {½-½ (61) Bologan,V (2684)-Vitiugov,N (2710) Dagomys 2010}) 12... Kd7 {LiveBook: 8 Games} 13. Rh4 Qg8 {Black is slightly better.} 14. Rf4 Nbc6 15. Nd2 $146 (15. g3 Qh7 16. Ra2 g5 17. hxg6 fxg6 18. Nh2 g5 19. Ng4 {1-0 (37) Mortensen,E (2445)-Sorensen,J (2395) Copenhagen 1993}) 15... g5 16. Rf6 (16. hxg6 $142 fxg6 17. Rf6) 16... Qh7 $17 17. Ra2 Rhf8 18. g4 {[#]} Ng8 $1 19. Rf3 f6 20. Re3 f5 21. Bh3 Nge7 {[%cal Bg8e7,Be7f5,Bf5h4,Bh4f3][%mdl 32]} 22. Re2 fxg4 23. Bxg4 Nf5 24. Rb2 (24. f3 $17 {was necessary.}) 24... Kc7 25. Nf1 Nh4 {...Ng2+ is the strong threat.} 26. Ng3 Nf3+ 27. Bxf3 Rxf3 28. Re3 Rf7 29. Qg4 Kd7 ({Not} 29... Bxc2 30. Qxe6 Rd7 31. Rf3 $14) 30. Re2 Raf8 31. Be3 Rf3 32. Kf1 $2 (32. Rd2) 32... Qe7 33. Ra2 Qf7 {Threatens to win with ...Rxe3!} 34. Kg2 $2 {[#]} (34. Ke1) 34... Rf4 $1 $19 {[%mdl 512]} 35. Bxf4 gxf4 36. Qf3 Qg7 ({Weaker is} 36... fxg3 37. Qxf7+ Rxf7 38. fxg3 $17) 37. Kh3 fxg3 38. Qxg3 Qf7 39. Kh4 Rg8 40. Qe3 Ne7 0-1

[Event "EIWCC 2017"]
[Site "Riga"]
[Date "2017.04.11"]
[Round "1"]
[White "Lickrastina, Agnese"]
[Black "Atalik, Ekaterina"]
[Result "0-1"]
[WhiteElo "2223"]
[BlackElo "2429"]
[Annotator "TA"]
[PlyCount "76"]
[EventDate "2017.??.??"]
[EventType "swiss"]
[EventCountry "LAT"]
[SourceTitle "playchess.com"]
[Source "ChessBase"]
[SourceQuality "1"]

{[%evp 14,76,47,0,0,0,0,-10,0,-64,-41,-45,-59,-49,-53,-66,-48,-49,-48,-92,-76,-101,-93,-111,-114,-158,-131,-163,-153,-152,-160,-146,-149,-143,-151,-189,-150,-168,-124,-134,-141,-160,-131,-140,-125,-133,-140,-129,-108,-240,-236,-380,-370,-414,-422,-366,-366,-759,-744,-968,-930,-793,-540,-496,-454]} 1. e4 e5 2. Nf3 Nc6 3. Bc4 Bc5 4. c3 Nf6 {[%cal Bg8f6,Bf6d5,Bd5f4][%mdl 32]} 5. d3 O-O 6. O-O d5 7. exd5 Nxd5 8. b4 Be7 {C54: Giuoco Piano: 4 c3 Nf6, main lines with 5 d4 and 5 d3} 9. Re1 Bf6 10. Bb2 $146 (10. Bg5 Bxg5 11. Nxg5 Nf4 12. Nf3 Bg4 13. Re3 Nd5 14. Re1 Nf4 15. Re3 Nd5 16. Re1 {0-1 (40) Savchenko,B (2602)-Adhiban,B (2671) Abu Dhabi 2016}) (10. Qc2 Ndxb4 11. cxb4 e4 12. dxe4 Nd4 13. Nxd4 Qxd4 14. Bd2 Rd8 15. Bd5 Qb6 16. Bc3 c5 17. bxc5 {1-0 (19) Trbojevic,M (2390)-Plenca,J (2325) Croatia 2015}) 10... Nf4 {The position is equal.} 11. Re3 (11. Bc1 $11) 11... Bf5 12. Qf1 a6 {Threatens to win with ...b5.} 13. a4 Rb8 {...b5 is the strong threat.} 14. Na3 Re8 15. Rd1 Qd7 16. Bb3 Rbd8 $36 {[%cal Rf5d3][%mdl 2048] White is under strong pressure.} 17. Bc2 Nd5 18. Ree1 {[#]} Bg4 $1 19. b5 Nce7 20. d4 Bxf3 21. gxf3 {[#]} exd4 $1 22. cxd4 axb5 23. axb5 Nf4 24. Re4 Ned5 25. Kh1 Be7 26. Rde1 g6 27. Bc1 Bb4 28. Rxe8+ Rxe8 29. Rxe8+ Qxe8 30. Be4 f5 31. Bxf4 (31. Bxd5+ $17 Nxd5 32. Nc2) 31... fxe4 32. Nc2 (32. Qc4 $142 Qf7 33. fxe4 Nxf4 34. Qxb4) 32... Nxf4 $19 ({Not} 32... exf3 33. Be5 Bd2 34. Qd3 $17) 33. Nxb4 {Now Qc4+ and White clings on.} exf3 {[%cal Be4f3,Bf3e2][%mdl 32]} 34. Nc2 Qe2 35. Qxe2 $2 (35. Ne3) 35... fxe2 {Black is clearly winning.} 36. Ne1 Kf7 37. h4 Ne6 38. d5 Nf4 0-1

[Event "EIWCC 2017"]
[Site "Riga"]
[Date "2017.04.11"]
[Round "1"]
[White "Movileanu, Daniela"]
[Black "Mkrtchian, Lilit"]
[Result "1/2-1/2"]
[WhiteElo "2213"]
[BlackElo "2425"]
[Annotator "TA"]
[PlyCount "38"]
[EventDate "2017.??.??"]
[EventType "swiss"]
[EventCountry "LAT"]
[SourceTitle "playchess.com"]
[Source "ChessBase"]
[SourceQuality "1"]

{[%evp 13,38,-79,-3,-64,-16,-27,-32,-43,-21,-40,10,0,0,-11,-12,-11,-11,-11,-8,-6,-8,-11,0,4,17,4,6]} 1. e4 e6 2. Nf3 d5 3. Nc3 Nf6 4. e5 Nfd7 5. d4 c5 6. Bg5 Qb6 {C11: French: Classical System: 4 e5 and 4 Bg5 dxe4} 7. dxc5 (7. Qd2 cxd4 8. Nxd4 Nc6 9. O-O-O Qxd4 10. Qxd4 Nxd4 11. Rxd4 Bc5 12. Rd2 a6 13. Bf4 b5 14. Bg3 {½-½ (31) Golizadeh,A (2500)-Ipatov,A (2635) Al Ain 2013}) 7... Nxc5 {LiveBook: 5 Games} (7... Qxb2 8. Nb5 Qb4+ 9. c3 Qxc5 10. Be3 $18) ({Black should play} 7... Bxc5 $17 8. Na4 (8. Qd2 Bxf2+ 9. Qxf2 Qxb2 $17) 8... Bxf2+ 9. Ke2 Qa6+ 10. Kxf2 Qxa4) 8. Qd2 ({Better is} 8. Be2 $11) 8... Nc6 {[#] White must now prevent ...Ne4.Black is slightly better.} 9. O-O-O a6 10. Nd4 $146 (10. h4 Bd7 11. h5 h6 12. Be3 Qa5 13. Kb1 Be7 14. Rh3 {1-0 (46) Sarenac,I (2403)-Mihic,B (2398) Belgrade 2014}) 10... Qb4 11. f4 Na4 (11... Nxd4 $5 {looks sharper.} 12. Qxd4 Qxd4 13. Rxd4 Nd7 14. Kb1 Bc5) 12. Nxa4 {The position is equal.} Qxa4 13. Kb1 Qxd4 14. Qxd4 Nxd4 15. Rxd4 Bc5 16. Rd1 Bd7 17. Bd3 Be3 18. Rhf1 Bc6 19. Rde1 d4 1/2-1/2